000 00694nam a2200253Ia 4500
003 OSt
005 20220926011020.0
006 a|||||r|||| 00| 0
007 ta
008 220923b |||||||| |||| 00| 0 eng d
020 _a0135584957
037 _cGeneral Book
040 _aRTL
_cRTL
_beng
041 _2eng
_aeng
082 _aX:51, M7
100 _aKotler Philip and others
_9313429
245 0 _aMarketing
260 _aNew Jersey
_bPrentice Hall
_c1988
300 _axx,572p
_ccm.
500 _aBibliography P 525-45; Glossary P 547-56
650 _aMarketing
_915998
942 _hX:51, M7
_cGB
_2CC
999 _c618860
_d618860